<?xml version="1.0" encoding="UTF-8"?>
<collection xmlns="http://www.loc.gov/MARC21/slim">
<record>
  <controlfield tag="001">164247</controlfield>
  <controlfield tag="005">20251203145549.0</controlfield>
  <datafield tag="037" ind1=" " ind2=" ">
    <subfield code="a">TAZ-TFM-2025-1539</subfield>
  </datafield>
  <datafield tag="041" ind1=" " ind2=" ">
    <subfield code="a">eng</subfield>
  </datafield>
  <datafield tag="100" ind1="1" ind2=" ">
    <subfield code="a">Shao Aihua</subfield>
  </datafield>
  <datafield tag="242" ind1="0" ind2="0">
    <subfield code="a">From Screen to Scene: The Influence of  Blossoms Shanghai on Domestic Tourism and Place-Myth</subfield>
  </datafield>
  <datafield tag="245" ind1="0" ind2="0">
    <subfield code="a">From Screen to Scene: The Influence of  Blossoms Shanghai on Domestic Tourism and Place-Myth</subfield>
  </datafield>
  <datafield tag="260" ind1=" " ind2=" ">
    <subfield code="a">Zaragoza</subfield>
    <subfield code="b">Universidad de Zaragoza</subfield>
    <subfield code="c">2025</subfield>
  </datafield>
  <datafield tag="506" ind1=" " ind2=" ">
    <subfield code="a">by-nc-sa</subfield>
    <subfield code="b">Creative Commons</subfield>
    <subfield code="c">3.0</subfield>
    <subfield code="u">http://creativecommons.org/licenses/by-nc-sa/3.0/</subfield>
  </datafield>
  <datafield tag="520" ind1=" " ind2=" ">
    <subfield code="a">This thesis examines the intricate interplay between media representation, affective memory, and urban transformation through a case study of Blossoms Shanghai, a television series directed by Wong Kar-wai. It investigates how the series reconfigures Shanghai’s 1990s identity, transforming cinematic imagination into embodied urban experience and sustainable cultural capital.&lt;br />Rather than approaching film-induced tourism as a purely economic phenomenon, this research conceptualizes it as a dynamic process of place-myth construction, in which mediated narratives, collective affect, and embodied social practices co-produce the city’s meaning. Through a mixed-method approach—combining textual analysis, digital ethnography, user-generated content mining, and field observation—this study reveals how Blossoms Shanghai converts fictional emotion into spatial experience. Locations such as Huanghe Road, Jinxian Road, and the Peace Hotel have evolved into performative sites of “mediated pilgrimage,” where visitors reenact scenes, consume iconic dishes, and collectively reconstruct the city’s past through nostalgia.&lt;br />The findings demonstrate that Blossoms Shanghai functions as a catalyst for both economic revitalization and the re-articulation of urban memory. However, the process also exposes tensions between aesthetic representation and local authenticity, highlighting challenges of cultural commodification and spatial justice in heritage neighborhoods.&lt;br />Theoretically, the research advances interdisciplinary dialogues among cultural geography, media studies, and affect theory by foregrounding the constitutive role of affect in the circulation of mediated space. It proposes a conceptual framework of “affective urbanism,” emphasizing that the emotional labor of spectators, tourists, and residents is central to the sustainability of media-driven urban renewal.&lt;br />&lt;br /></subfield>
  </datafield>
  <datafield tag="521" ind1=" " ind2=" ">
    <subfield code="a">Máster en Dirección y Planificación del Turismo</subfield>
  </datafield>
  <datafield tag="540" ind1=" " ind2=" ">
    <subfield code="a">Derechos regulados por licencia Creative Commons</subfield>
  </datafield>
  <datafield tag="856" ind1="0" ind2=" ">
    <subfield code="f">921598@unizar.es</subfield>
  </datafield>
  <datafield tag="856" ind1="4" ind2=" ">
    <subfield code="s">604010</subfield>
    <subfield code="u">http://zaguan.unizar.es/record/164247/files/TAZ-TFM-2025-1539.pdf</subfield>
    <subfield code="y">Memoria (eng)</subfield>
  </datafield>
  <datafield tag="909" ind1="C" ind2="O">
    <subfield code="o">oai:zaguan.unizar.es:164247</subfield>
    <subfield code="p">driver</subfield>
    <subfield code="p">trabajos-fin-master</subfield>
  </datafield>
  <datafield tag="950" ind1=" " ind2=" ">
    <subfield code="a"></subfield>
  </datafield>
  <datafield tag="691" ind1=" " ind2=" ">
    <subfield code="a">8 9 11</subfield>
  </datafield>
  <datafield tag="692" ind1=" " ind2=" ">
    <subfield code="a">Este trabajo contribuye al Objetivo 11 (Ciudades y comunidades sostenibles) al analizar cómo las narrativas mediáticas pueden impulsar la revitalización urbana y la preservación cultural de Shanghái. También se relaciona con el Objetivo 8 (Trabajo decente y crecimiento económico) y el Objetivo 9 (Industria, innovación e infraestructura), ya que muestra cómo la industria cultural genera empleo, innovación y desarrollo económico local.</subfield>
  </datafield>
  <datafield tag="700" ind1=" " ind2=" ">
    <subfield code="a">Manuela Ruiz Pardos</subfield>
    <subfield code="e">dir.</subfield>
  </datafield>
  <datafield tag="710" ind1="2" ind2=" ">
    <subfield code="a">Universidad de Zaragoza</subfield>
    <subfield code="b"> </subfield>
    <subfield code="c"></subfield>
  </datafield>
  <datafield tag="980" ind1=" " ind2=" ">
    <subfield code="a">TAZ</subfield>
    <subfield code="b">TFM</subfield>
    <subfield code="c">FEGP</subfield>
  </datafield>
  <datafield tag="999" ind1=" " ind2=" ">
    <subfield code="a">20251030125235.CREATION_DATE</subfield>
  </datafield>
  <datafield tag="951" ind1=" " ind2=" ">
    <subfield code="a">deposita:2025-12-03</subfield>
  </datafield>
</record>
</collection>